Влияние влаги на реакцию изомеризации н-гексана катализируемую суперкислотной ионной жидкостью; Известия Томского политехнического университета [Известия ТПУ]; Т. 322, № 3 : Химия
| Parent link: | Известия Томского политехнического университета [Известия ТПУ]/ Томский политехнический университет (ТПУ).— , 2000- Т. 322, № 3 : Химия.— 2013.— [С. 50-52] |
|---|---|
| Autor principal: | |
| Outros Autores: | |
| Resumo: | Заглавие с титульного листа Электронная версия печатной публикации Изучено влияние воды на закономерности образования изокомпонентов в реакции изомеризации н-гексана на хлоралюминатной ионной жидкости. Установлено, что при определенной концентрации вода интенсифицирует изомеризацию н-гексана преимущественно за счет протекания побочных реакций крекинга. |
| Idioma: | russo |
| Publicado em: |
2013
|
| coleção: | Химия |
| Assuntos: | |
| Acesso em linha: | http://earchive.tpu.ru/bitstream/11683/4716/1/bulletin_tpu-2013-322-3-13.pdf |
| Formato: | MixedMaterials Recurso Eletrônico Capítulo de Livro |
| KOHA link: | https://koha.lib.tpu.ru/cgi-bin/koha/opac-detail.pl?biblionumber=236633 |
MARC
| LEADER | 00000nla2a2200000 4500 | ||
|---|---|---|---|
| 001 | 236633 | ||
| 005 | 20231031204724.0 | ||
| 035 | |a (RuTPU)RU\TPU\book\257799 | ||
| 035 | |a RU\TPU\book\257796 | ||
| 090 | |a 236633 | ||
| 100 | |a 20130425d2013 k y0rusy50 ca | ||
| 101 | 0 | |a rus | |
| 102 | |a RU | ||
| 135 | |a drnn ---uucaa | ||
| 181 | 0 | |a i | |
| 182 | 0 | |a b | |
| 200 | 1 | |a Влияние влаги на реакцию изомеризации н-гексана катализируемую суперкислотной ионной жидкостью |b Электронный ресурс |f А. А. Ибрагимов, М. Н. Рахимов | |
| 203 | |a Текст |c электронный | ||
| 215 | |a 1 файл (160 Кб) | ||
| 225 | 1 | |a Химия | |
| 230 | |a Электронные текстовые данные (1 файл : 160 Кб) | ||
| 300 | |a Заглавие с титульного листа | ||
| 300 | |a Электронная версия печатной публикации | ||
| 320 | |a [Библиогр.: с. 52 (10 назв.)] | ||
| 330 | |a Изучено влияние воды на закономерности образования изокомпонентов в реакции изомеризации н-гексана на хлоралюминатной ионной жидкости. Установлено, что при определенной концентрации вода интенсифицирует изомеризацию н-гексана преимущественно за счет протекания побочных реакций крекинга. | ||
| 337 | |a Adobe Reader | ||
| 461 | 1 | |0 (RuTPU)RU\TPU\book\176237 |t Известия Томского политехнического университета [Известия ТПУ] |f Томский политехнический университет (ТПУ) |d 2000- | |
| 463 | 1 | |0 (RuTPU)RU\TPU\book\257547 |x 1684-8519 |t Т. 322, № 3 : Химия |v [С. 50-52] |d 2013 |p 143 с. | |
| 610 | 1 | |a изомеризация | |
| 610 | 1 | |a яды | |
| 610 | 1 | |a влага | |
| 610 | 1 | |a ионная имплантация | |
| 610 | 1 | |a н-гексан | |
| 610 | 1 | |a электронный ресурс | |
| 700 | 1 | |a Ибрагимов |b А. А. |g Азамат Айдарович | |
| 701 | 1 | |a Рахимов |b М. Н. |g Марат Наврузович | |
| 801 | 1 | |a RU |b 63413507 |c 20090623 |g PSBO | |
| 801 | 2 | |a RU |b 63413507 |c 20220126 |g PSBO | |
| 856 | 4 | |u http://earchive.tpu.ru/bitstream/11683/4716/1/bulletin_tpu-2013-322-3-13.pdf | |
| 942 | |c CF | ||